header

The Scholastic Rhyming Dictionary (Record no. 261812)

MARC details
000 -LEADER
fixed length control field 00247nam a22001097a 4500
020 ## - INTERNATIONAL STANDARD BOOK NUMBER
ISBN 0590494619
100 ## - MAIN ENTRY--AUTHOR NAME
Personal name Scholastic
245 ## - TITLE STATEMENT
Title The Scholastic Rhyming Dictionary
260 ## - PUBLICATION, DISTRIBUTION, ETC. (IMPRINT)
Place of publication New York
Name of publisher Scholastic
Year of publication 1994
300 ## - PHYSICAL DESCRIPTION
Number of Pages 154 pgs
942 ## - ADDED ENTRY ELEMENTS (KOHA)
Koha item type Long Loan Books
Holdings
Withdrawn status Lost status Collection code Home library Current library Shelving location Date acquired Accession Number Koha item type
    Reference Rongo University Library Rongo University Library Children's Area 24/11/2023 CL/983/2021 Long Loan Books

© 2026 Rongo University
Contact us: librarian | system librarian | Rongo university